Algunos observaciones sobre la naturaleza (Record no. 162482)

MARC details
000 -LEADER
campo de control de longitud fija 00714nam a22001815i 4500
001 - NÚMERO DE CONTROL
campo de control 162482
003 - IDENTIFICADOR DE NÚMERO DE CONTROL
campo de control ES-MaACL
005 - FECHA Y HORA DE LA ÚLTIMA TRANSACCIÓN
campo de control 20250728221801.0
008 - DATOS DE LONGITUD FIJA--INFORMACIÓN GENERAL
campo de control de longitud fija 041117s1890 uy |||| | spa d
040 ## - FUENTE DE CATALOGACIÓN
Centro catalogador/agencia de origen CAM
Lengua de catalogación spa
Centro/agencia transcriptor CAM
100 1# - ENTRADA PRINCIPAL--NOMBRE DE PERSONA
Nombre de persona Pose y Blanco, Rafael.
9 (RLIN) 131304
245 10 - MENCIÓN DEL TÍTULO
Título Algunos observaciones sobre la naturaleza
Resto del título : resistencia en el espacio y dinámica de los fluidos /
Mención de responsabilidad, etc. por Rafael Pose y Blanco.
260 ## - PUBLICACIÓN, DISTRIBUCIÓN, ETC.
Lugar de publicación, distribución, etc. Montevideo :
Nombre del editor, distribuidor, etc. [s.n.],
Fecha de publicación, distribución, etc. 1890 (
Fabricante Imprenta Elzeviriana de "La Tribuna Popular")
300 ## - DESCRIPCIÓN FÍSICA
Extensión 47 p. ;
Dimensiones 21 cm.
650 #7 - PUNTO DE ACCESO ADICIONAL DE MATERIA--TÉRMINO DE MATERIA
Término de materia o nombre geográfico como elemento de entrada Naturaleza
Fuente del encabezamiento o término embne
9 (RLIN) 136579
852 ## - LOCALIZACIÓN
Ubicación ES-MaACL
Número de control de estantería T-574-F-1
Nota libre -- Enc. hol. conservando la cub. original
-- -- Enc. en un vol. facticio
Holdings
Estatus retirado Estado de pérdida Estado de daño No para préstamo Colección Biblioteca de origen Biblioteca actual Ubicación en estantería Fecha de adquisición Total de préstamos Signatura topográfica completa Código de barras Visto por última vez Precio de reemplazo Tipo de ítem Koha
        Colección de folletos Biblioteca del Ateneo de Madrid Biblioteca del Ateneo de Madrid Depósito folletos 17/01/2008   T-574-F-1 1170220 23/02/2023 23/02/2023 Folleto